LDR 00586naa#a2200181#i#450# 001 EN\INFRA-M\bibl\111684 005 20260514131557.4 011 ## _a2500-0543 100 ## _a20260125b2026####ek#y0engy0150####ca 102 ## _aRU 200 1# _aGeneral and specific predictors of psychological security of the individual _eJournal article 210 1# _aMoscow _cINFRA-M Academic Publishing LLC. _d2026 215 ## _a17 с. 608 ## _aJournal article _2local 675 ## _aПсихология. 159.9 _z 700 #1 _aGoncharova _gNatalia Andreevna 700 #1 _aEsenov _gKonyratbay Asenbaevich 856 4# _anaukaru.ru _u